00487nam a2200193 a 4500001001300000003000900013005001700022008004100039020000800080082001600088100002100104245004400125260003800169300000800207500003500215505000800250650001400258700002100272nice12345678IN_TiNIC20260116012217.0050524s0000 hyda grp 000 0 urd  ac200a297.24bTAL aTaley, Murad Ali aKhutoot Awr Khutbaat Syedna Hazrat Omar aHyderabadbMinar Book Depo.c0000 a96p aincludes index and biblioraphy2 aIll aCaliphate1 aTaley, Murad Ali